00447nam a2200145Ia 4500008004100000020001500041050002400056100001800080245004500098260005000143300002100193500005100214521000700265650002900272140529s9999 xx 000 0 und d a9719268888 aHB 3649b.An54 2009 aAng, Armando. aOverpopulated Philippines /cArmando Ang a[Manila, Philippines] :bArmando Ang,cc2009. a383 p. ;c23 cm. aIncludes bibliographical references and index. aGE aPhilippinesxPopulation.